| 000 | 00357nam a2200133Ia 4500 | ||
|---|---|---|---|
| 008 | 240624s9999 xx 000 0 und d | ||
| 041 | _aeng | ||
| 082 | _a658.456 TRO | ||
| 100 | _aTROPMAN JOHN E | ||
| 245 | _aEFFECTIVE MEETINGS IMPROVING GROUP DECIS | ||
| 260 |
_c2014 _aLondon _bSage International |
||
| 300 | _axxv, : 205 : p. : cm. ; 23 | ||
| 365 |
_c _b38 |
||
| 999 |
_c23520 _d23520 |
||